LEADER 01118nam 2200253la 450 001 9910481845403321 005 20221103091619.0 035 $a(UK-CbPIL)2230611872 035 $a(CKB)5500000000149183 035 $a(EXLCZ)995500000000149183 100 $a20221103d1572 uy | 101 0 $aita 135 $aurcn||||a|bb| 200 10$aDella theriaca et del mithridato libri due di M. Bartolomeo Maranta, ...ne quali s'insegna il uero modo di comporre i sudetti antidoti, et s'esaminano con diligenza tutti i medicamenti che u'entrano 210 $aVenice $cMarc' Antonio Olmo$d1572 215 $aOnline resource ([16], 280, [28] pages., 4to.) 300 $aReproduction of original in Biblioteca Nazionale Centrale di Firenze. 700 $aMaranta$b Bartolomeo$f1571.$0438874 801 0$bUk-CbPIL 801 1$bUk-CbPIL 906 $aBOOK 912 $a9910481845403321 996 $aDella theriaca et del mithridato libri due di m. Bartolomeo Maranta, ... ; ne quali s'insegna il uero modo di comporre i sudetti antidoti, et s'esaminano con diligenza tutti i medicamenti che u'entrano$91541197 997 $aUNINA